000 00744nam a2200205 i 4500
001 103864
003 ES-MaACL
005 20230906183447.0
007 t|
008 051118s1971 sp ||||1| spa d
245 0 3 _aLa metalurgía catalana ante el Mercado Común /
_cServicio de Estudios Económicos del Centro de Estudios y Asesoramiento Metalúrgico ; prólogo de Antonio Forrellad Solá.
260 _aBarcelona :
_bAriel,
_c1971.
300 _a250 p. ;
_c20 cm.
490 1 _aDemos: biblioteca de ciencia económica
650 4 _aMetalurgia-
_zCataluña.
_9174463
700 1 _aForrellad Solá, Antonio.
_951809
830 1 _aDemos: biblioteca de ciencia económica
_9183647
852 4 _aES-MaACL
_jC-51153
999 _c103864
_d103864